000 nam a22 7a 4500
999 _c27368
_d27368
008 170208b xxu||||| |||| 00| 0 eng d
050 _aQH 308.2 .S54 1975
100 _aSherman, Irwin W.
_d1975
245 _aBiology:
_bA human approach/
_cIrwin W. Sherman, Vilia G. Sherman.
260 _aNew york:
_bOxford university press,
_c1975.
300 _a553p.:
_bill.;
_c25cm.
521 _aIncludes bibliographical references and index.
650 _ahuman biology.
700 _aSherman, Vilia G.
942 _2lcc
_cBOOKS
_hQH 308.2 .S54 1975